[Event "Championnat de France - Accession"]
[Site "Pau"]
[Date "2008.08.20"]
[Round "8.6"]
[White "Vernay, Clovis"]
[Black "Bleunven, Andre"]
[Result "1-0"]
[WhiteElo "2345"]
[BlackElo "2261"]
[PlyCount "61"]

1. d4 Nf6 2. c4 e6 3. Nc3 Bb4 4. Qc2 O-O 5. a3 Bxc3+ 6. Qxc3 b6 7. Bg5 Bb7 8.
f3 h6 9. Bh4 d5 10. cxd5 exd5 11. e3 Re8 12. Bf2 c5 13. Ne2 Nbd7 14. Ng3 cxd4
15. Qxd4 Nc5 16. Rd1 Qc8 17. Bb5 Ba6 18. Qb4 Bxb5 19. Qxb5 Nb7 20. O-O Nd6 21.
Qb4 Nc4 22. Rfe1 Qc5 23. Qc3 Qb5 24. b3 Na5 25. b4 Rac8 26. Qa1 Nc4 27. Nf5 Kh7
28. Bh4 Nh5 29. g4 Ne5 30. Nd4 Qd7 31. gxh5 1-0

[Event "Championnat de France - Accession"]
[Site "Pau"]
[Date "2008.08.20"]
[Round "8.7"]
[White "Demuth, Adrien"]
[Black "Lagarde, Maxime"]
[Result "1/2-1/2"]
[WhiteElo "2315"]
[BlackElo "2322"]
[PlyCount "120"]

1. d4 Nf6 2. c4 g6 3. Nc3 d5 4. cxd5 Nxd5 5. e4 Nxc3 6. bxc3 Bg7 7. Nf3 c5 8.
Rb1 O-O 9. Be2 b6 10. O-O Bb7 11. Qd3 Ba6 12. Qe3 Qd7 13. dxc5 Bxe2 14. Qxe2
bxc5 15. Qc4 Qc6 16. e5 Nd7 17. Re1 e6 18. Qh4 Rfb8 19. Ra1 h5 20. Bg5 Rb2 21.
Qf4 Qc7 22. Rad1 Rab8 23. Be7 Nxe5 24. Bd6 Nxf3+ 25. Qxf3 Qa5 26. Bxb8 Rxb8 27.
Rd7 Rf8 28. Re3 Qxa2 29. g3 a5 30. Ra7 c4 31. Kg2 Qb2 32. Rxa5 Qb6 33. Ra8 Qc5
34. Rxf8+ Bxf8 35. Re4 Bg7 36. Qe2 Bxc3 37. Qxc4 Qxc4 38. Rxc4 Bb2 39. Rc7 e5
40. Kf3 f5 41. Rb7 Bd4 42. h3 Kf8 43. Kg2 e4 44. Kf1 Kg8 45. Ke2 Kf8 46. g4
hxg4 47. hxg4 fxg4 48. Rb4 Bc5 49. Rxe4 g3 50. fxg3 Be7 51. Kf3 Bf6 52. Kf4 Kf7
53. Ra4 Kf8 54. Ra7 Kg8 55. Ke4 Kf8 56. Kd5 Kg8 57. Ke6 Bc3 58. g4 Bb2 59. g5
Bc3 60. Kd5 Bd2 1/2-1/2

[Event "Championnat de France - Accession"]
[Site "Pau"]
[Date "2008.08.20"]
[Round "8.8"]
[White "Crut, Aurelien"]
[Black "Massoni, Michael"]
[Result "1/2-1/2"]
[WhiteElo "2316"]
[BlackElo "2172"]
[PlyCount "70"]

1. e4 c5 2. Nf3 e6 3. c3 Nf6 4. e5 Nd5 5. d4 cxd4 6. cxd4 d6 7. Bc4 Nc6 8. O-O
Be7 9. Qe2 O-O 10. Nc3 Nxc3 11. bxc3 dxe5 12. dxe5 Qa5 13. Qe4 Qa4 14. Bg5 h6
15. Bxe7 Nxe7 16. Rab1 Bd7 17. Bd3 Qxe4 18. Bxe4 Bc6 19. Bxc6 bxc6 20. c4 Rab8
21. Rfd1 Rfd8 22. h4 Rxd1+ 23. Rxd1 Ng6 24. g3 Rb2 25. Rd8+ Kh7 26. h5 Nh8 27.
Nd4 g6 28. Nxc6 gxh5 29. a3 Rc2 30. Rd4 Ng6 31. Rd7 Kg8 32. Ne7+ Nxe7 33. Rxe7
Rxc4 34. Rxa7 h4 35. Kg2 hxg3 1/2-1/2

[Event "Championnat de France - Accession"]
[Site "Pau"]
[Date "2008.08.20"]
[Round "8.9"]
[White "Bailet, Pierre"]
[Black "Shirazi, Kamran"]
[Result "1-0"]
[WhiteElo "2268"]
[BlackElo "2440"]
[PlyCount "63"]

1. e4 e5 2. Nf3 Nc6 3. Bb5 f5 4. d3 Nf6 5. O-O Bc5 6. exf5 d6 7. d4 exd4 8.
Re1+ Kf8 9. Bxc6 bxc6 10. Nxd4 Bxd4 11. Qxd4 Bxf5 12. Bg5 h6 13. Bh4 c5 14. Qd1
Rb8 15. Nc3 g5 16. Bg3 Rxb2 17. Nd5 Kf7 18. Qf3 Nxd5 19. Qxf5+ Nf6 20. Re6 Re8
21. Rae1 Rxe6 22. Qxe6+ Kg6 23. f4 Qg8 24. f5+ Kg7 25. Qe7+ Qf7 26. Qd8 Ng8 27.
h4 Rxc2 28. hxg5 Qd5 29. Be5+ Qxe5 30. Rxe5 dxe5 31. Qd7+ Kf8 32. g6 1-0

[Event "Championnat de France - Accession"]
[Site "Pau"]
[Date "2008.08.20"]
[Round "8.10"]
[White "Moussard, Jules"]
[Black "Roos, Louis"]
[Result "1-0"]
[WhiteElo "2255"]
[BlackElo "2375"]
[PlyCount "75"]

1. e4 e6 2. d4 d5 3. Nc3 Bb4 4. Nge2 dxe4 5. a3 Bxc3+ 6. Nxc3 Nc6 7. Bb5 Nge7
8. Bg5 f6 9. Be3 O-O 10. Qd2 a6 11. Bxc6 Nxc6 12. O-O-O b6 13. Nxe4 Bb7 14. f3
Rf7 15. Qf2 Rd7 16. h4 Qf8 17. h5 Rad8 18. h6 g6 19. Qh4 Rf7 20. g4 Ne7 21. g5
Nf5 22. Qe1 Bxe4 23. fxe4 Nxe3 24. Qxe3 fxg5 25. Qxg5 Rf2 26. Kb1 Rd7 27. d5
exd5 28. Rxd5 Re7 29. Rdd1 Rf1 30. Ka2 Rxd1 31. Rxd1 Qf7+ 32. b3 Rxe4 33. Qd8+
Re8 34. Qd4 g5 35. Rf1 Qg6 36. Qc4+ Kh8 37. Qc3+ Kg8 38. Rf6 1-0

[Event "Championnat de France - Accession"]
[Site "Pau"]
[Date "2008.08.20"]
[Round "8.11"]
[White "Frederic, Clement"]
[Black "Manouck, Thierry"]
[Result "0-1"]
[WhiteElo "2209"]
[BlackElo "2358"]
[PlyCount "56"]

1. e4 d6 2. d4 Nf6 3. Nc3 Nbd7 4. f4 e5 5. Nf3 exd4 6. Qxd4 c6 7. Be3 d5 8.
exd5 Bc5 9. Qd3 Qe7 10. Nd4 Nxd5 11. Nxd5 cxd5 12. O-O-O Nf6 13. Nf5 Bxf5 14.
Bxc5 Qxc5 15. Qxf5 O-O 16. Bd3 Rfe8 17. Qh3 Re3 18. Qh4 Rc8 19. Kb1 h6 20. Rhe1
d4 21. Rxe3 dxe3 22. Qh3 Re8 23. Re1 Qb4 24. Qg3 Qd2 25. a3 Nh5 26. Qh4 Nxf4
27. Bc4 Nxg2 28. Bxf7+ Kh8 0-1

[Event "Championnat de France - Accession"]
[Site "Pau"]
[Date "2008.08.20"]
[Round "8.12"]
[White "Bonn, Thomas"]
[Black "Bissieres, Matthieu"]
[Result "1/2-1/2"]
[WhiteElo "2190"]
[BlackElo "2275"]
[PlyCount "46"]

1. e4 d6 2. d4 Nf6 3. Nc3 e5 4. Nf3 Nbd7 5. g4 h6 6. g5 hxg5 7. Nxg5 exd4 8.
Qxd4 d5 9. exd5 Bc5 10. Qf4 Qe7+ 11. Be3 Nh5 12. Qe4 Qxe4 13. Ngxe4 Bxe3 14.
fxe3 a6 15. Be2 f5 16. Nf2 Ne5 17. O-O-O Bd7 18. Rhg1 Kf7 19. Rdf1 Nf6 20. h3
Rh4 21. Rg5 Re8 22. Kd2 f4 23. exf4 Rxf4 1/2-1/2

[Event "Championnat de France - Accession"]
[Site "Pau"]
[Date "2008.08.20"]
[Round "8.13"]
[White "Mancini, Mario"]
[Black "Lorans, Sylvain"]
[Result "1/2-1/2"]
[WhiteElo "2268"]
[BlackElo "2209"]
[PlyCount "93"]

1. d4 Nf6 2. c4 e6 3. Nc3 c5 4. d5 exd5 5. cxd5 d6 6. Nf3 g6 7. Nd2 Bg7 8. e4
O-O 9. Be2 Na6 10. O-O Nc7 11. a4 b6 12. Kh1 Ba6 13. Nb5 Bxb5 14. axb5 Qd7 15.
Qb3 Rfe8 16. Bd3 a6 17. bxa6 b5 18. Bb1 c4 19. Qg3 Rxa6 20. Rxa6 Nxa6 21. f4
Nc5 22. Qf3 Qe7 23. f5 Nfxe4 24. Nxe4 Nxe4 25. fxg6 fxg6 26. Bxe4 Rf8 27. Bf4
g5 28. Re1 Be5 29. g3 gxf4 30. g4 Bxb2 31. Rb1 c3 32. g5 Re8 33. Bf5 Qf7 34.
Be6 Rxe6 35. dxe6 Qxe6 36. g6 hxg6 37. Qc6 f3 38. Rf1 Qc4 39. Qe8+ Kg7 40. Rxf3
Qd5 41. Qf8+ Kh7 42. Qe7+ Kh6 43. Qf8+ Kh5 44. Qh8+ Kg5 45. Qf6+ Kh5 46. Qh8+
Kg5 47. Qf6+ 1/2-1/2

[Event "Championnat de France - Accession"]
[Site "Pau"]
[Date "2008.08.20"]
[Round "8.14"]
[White "Li, Frederic"]
[Black "Le Goff, Damien"]
[Result "1-0"]
[WhiteElo "2186"]
[BlackElo "2261"]
[PlyCount "135"]

1. Nf3 Nf6 2. c4 e6 3. g3 b6 4. Bg2 Ba6 5. Ne5 c6 6. d4 Qc8 7. Qc2 Bb7 8. Nc3
d6 9. Nd3 Nbd7 10. O-O e5 11. dxe5 dxe5 12. e4 Bd6 13. f4 Qc7 14. Qe2 h5 15. f5
Nc5 16. Nf2 a5 17. Rb1 Na6 18. Na4 Nc5 19. Nc3 Be7 20. Rd1 Ba6 21. b3 Nb7 22.
Be3 Bc5 23. Na4 Bxe3 24. Qxe3 c5 25. Nc3 Nd6 26. Qg5 Kf8 27. Nd5 Nxd5 28. Rxd5
f6 29. Qd2 Ke7 30. Rd1 Rad8 31. Qe2 Bb7 32. R5d3 h4 33. Qg4 Kf8 34. gxh4 Bc6
35. a4 Be8 36. Qg3 Nf7 37. Bf3 Rxd3 38. Rxd3 Nd8 39. Nd1 Nc6 40. Nc3 Nd4 41.
Nd5 Qb7 42. Bd1 Bf7 43. Nc3 Qc8 44. Kf1 Rh7 45. Rd2 Ke7 46. Rg2 Qh8 47. h5 Kf8
48. Nd5 Bxh5 49. Bxh5 Rxh5 50. Nxb6 Rh3 51. Qg6 Rxh2 52. Nd7+ Ke7 53. Qxg7+
Qxg7 54. Rxg7+ Kd6 55. Nxf6 Nxb3 56. Ne8+ Kc6 57. f6 Nd2+ 58. Ke1 Nf3+ 59. Kd1
Rh1+ 60. Ke2 Nd4+ 61. Kf2 Rh4 62. Rc7+ Kb6 63. f7 Ne6 64. Re7 Rf4+ 65. Ke3 Nd8
66. Nd6 Rf6 67. Rd7 Ne6 68. Ne8 1-0

[Event "Championnat de France - Accession"]
[Site "Pau"]
[Date "?2008.08.20"]
[Round "8.15"]
[White "Rouler, Charly"]
[Black "Rabineau, Clement"]
[Result "1/2-1/2"]
[WhiteElo "2326"]
[BlackElo "2234"]
[PlyCount "68"]

1. d4 Nf6 2. c4 e6 3. Nc3 Bb4 4. Qc2 c5 5. dxc5 Na6 6. a3 Bxc3+ 7. Qxc3 Nxc5 8.
f3 O-O 9. e4 d6 10. Be3 Qc7 11. Rd1 a5 12. Qd4 Ne8 13. e5 Nb3 14. Qc3 a4 15.
exd6 Nxd6 16. Bf4 Rd8 17. Bd3 f6 18. Bxh7+ Kxh7 19. Qd3+ Kg8 20. Bxd6 Qa5+ 21.
Qc3 Qxc3+ 22. bxc3 Na5 23. c5 Nc4 24. Ra1 e5 25. Ne2 Be6 26. Kf2 Rac8 27. f4 b6
28. fxe5 fxe5 29. Rhd1 Rd7 30. Rdb1 bxc5 31. Bb8 Rdd8 32. Ba7 Rd7 33. Bb8 Rdd8
34. Ba7 Rd7 1/2-1/2

[Event "Championnat de France - Accession"]
[Site "Pau"]
[Date "2008.08.20"]
[Round "8.16"]
[White "Heinis, Vincent"]
[Black "Rabeyrin, Jean-Jacques"]
[Result "0-1"]
[WhiteElo "2116"]
[BlackElo "2302"]
[PlyCount "68"]

1. d4 d5 2. c4 c6 3. Nf3 Nf6 4. Nc3 e6 5. Bg5 h6 6. Bh4 dxc4 7. e4 Be7 8. Bxf6
Bxf6 9. e5 Be7 10. Bxc4 Nd7 11. Qe2 Nb6 12. Bd3 Nd5 13. Qe4 Nb4 14. Bb1 b6 15.
O-O Ba6 16. Re1 Qd7 17. a3 Nd5 18. h4 O-O-O 19. Ne2 g5 20. h5 f5 21. exf6 Nxf6
22. Qc2 Bd6 23. Qg6 Nd5 24. Ng3 Nf4 25. Qe4 Bc4 26. Ba2 Bd5 27. Bxd5 cxd5 28.
Qe3 Kb7 29. Rec1 Rc8 30. Rxc8 Rxc8 31. Rc1 Rxc1+ 32. Qxc1 Qb5 33. Qc2 Qd3 34.
Qc1 g4 0-1

[Event "Championnat de France - Accession"]
[Site "Pau"]
[Date "2008.08.20"]
[Round "8.17"]
[White "Villegas, Pierre"]
[Black "Riff, Vincent"]
[Result "0-1"]
[WhiteElo "2105"]
[BlackElo "2290"]
[PlyCount "54"]

1. d4 d6 2. c4 e5 3. Nc3 Nf6 4. d5 g6 5. e4 Bg7 6. Be2 Na6 7. h4 Nc5 8. Bg5 h6
9. Bxf6 Qxf6 10. b4 Na6 11. h5 O-O 12. Rb1 c6 13. Nf3 Nc7 14. Nd2 Qg5 15. Bf3
cxd5 16. cxd5 Bd7 17. Nc4 Qe7 18. b5 Rac8 19. Qb3 Na8 20. Kd2 Rc5 21. hxg6 Rfc8
22. gxf7+ Qxf7 23. Nxd6 Qf4+ 24. Kd3 Rxc3+ 25. Qxc3 Rxc3+ 26. Kxc3 Qf6 27. Nc4
Nc7 0-1

[Event "Championnat de France - Accession"]
[Site "Pau"]
[Date "2008.08.20"]
[Round "8.18"]
[White "Vallet, Marc"]
[Black "Daurelle, Herve"]
[Result "1-0"]
[WhiteElo "2200"]
[BlackElo "2253"]
[PlyCount "123"]

1. d4 Nf6 2. Nf3 e6 3. Bf4 b6 4. e3 Bb7 5. Nbd2 c5 6. c3 Be7 7. Bd3 Nc6 8. h3
d5 9. Ne5 Nd7 10. Qg4 Ncxe5 11. dxe5 g5 12. Bg3 h5 13. Qe2 c4 14. Bc2 Nc5 15.
Nf3 Ba6 16. Nd4 Nd3+ 17. Bxd3 cxd3 18. Qd2 Qd7 19. a4 Bd8 20. O-O h4 21. Bh2
Bc7 22. f3 O-O-O 23. Nb5 Bxb5 24. axb5 Bb8 25. Qxd3 Qc7 26. Ra4 f5 27. Rd4 Qg7
28. c4 Bxe5 29. Bxe5 Qxe5 30. f4 gxf4 31. exf4 Qg7 32. cxd5 Rhg8 33. Rf2 Qg3
34. Qc4+ Kb8 35. dxe6 Rc8 36. Qd5 Rc1+ 37. Rd1 Qe3 38. Rxc1 Qxc1+ 39. Kh2 Qe3
40. Qd6+ Kb7 41. Qd5+ Kb8 42. Qe5+ Qxe5 43. fxe5 Re8 44. Rxf5 Rxe6 45. Rh5 Kc7
46. Rh7+ Kd8 47. Rxh4 Rxe5 48. Rb4 Ke7 49. g4 Kf6 50. Rb3 Kg5 51. Kg3 Rc5 52.
h4+ Kg6 53. Rb4 Rd5 54. Kf4 Rc5 55. h5+ Kh6 56. Re4 Rxb5 57. Re5 Rxb2 58. Re6+
Kh7 59. Kg5 Rb5+ 60. Kf6 Kh6 61. Re8 Kh7 62. g5 1-0

[Event "Championnat de France - Accession"]
[Site "Pau"]
[Date "2008.08.20"]
[Round "8.19"]
[White "Berthier, Hugo"]
[Black "Sanchez, Nicolas"]
[Result "1/2-1/2"]
[WhiteElo "2157"]
[BlackElo "2229"]
[PlyCount "33"]

1. Nf3 Nf6 2. c4 g6 3. Nc3 Bg7 4. e4 d6 5. d4 O-O 6. Be2 e5 7. O-O Na6 8. Be3
Ng4 9. Bg5 Qe8 10. dxe5 dxe5 11. h3 h6 12. Bd2 Nf6 13. Be3 Qe7 14. Nd5 Qd8 15.
Nxf6+ Qxf6 16. c5 Nb8 17. Bc4 1/2-1/2

[Event "Championnat de France - Accession"]
[Site "Pau"]
[Date "2008.08.20"]
[Round "8.20"]
[White "Stephan, Victor"]
[Black "Pietrasanta, Jeremy"]
[Result "0-1"]
[WhiteElo "2152"]
[BlackElo "2301"]
[PlyCount "76"]

1. Nf3 g6 2. c4 Bg7 3. Nc3 d6 4. d4 Nf6 5. e4 O-O 6. Be2 e5 7. dxe5 dxe5 8.
Qxd8 Rxd8 9. Bg5 Na6 10. Nxe5 Re8 11. f4 h6 12. Bh4 g5 13. Bg3 Nc5 14. Bf3 gxf4
15. Bxf4 Rxe5 16. Bxe5 Nd3+ 17. Ke2 Nxe5 18. b3 c6 19. Rad1 Be6 20. Rd2 Bf8 21.
Rhd1 Nfd7 22. h3 Bb4 23. Rc2 a5 24. Nd5 Nc5 25. Nxb4 axb4 26. Rcd2 Kg7 27. Ke3
Kf6 28. Rf1 Ke7 29. Bh5 Bxc4 30. Rc1 b5 31. bxc4 Nxc4+ 32. Rxc4 bxc4 33. Be2 c3
34. Rc2 Kd6 35. Kd4 Ne6+ 36. Kc4 c5 37. Bd3 Nd4 38. Rf2 c2 0-1

[Event "Championnat de France - Accession"]
[Site "Pau"]
[Date "2008.08.23"]
[Round "11.1"]
[White "Terrieux, Kevin"]
[Black "Housieaux, David"]
[Result "1/2-1/2"]
[WhiteElo "2360"]
[BlackElo "2411"]
[PlyCount "24"]

1. d4 Nf6 2. c4 g6 3. Nc3 Bg7 4. e4 d6 5. Be2 O-O 6. Bg5 c5 7. d5 a6 8. a4 Re8
9. Nf3 h6 10. Bf4 e5 11. Bd2 Nh5 12. g3 Bh3 1/2-1/2

[Event "Championnat de France - Accession"]
[Site "Pau"]
[Date "2008.08.23"]
[Round "11.2"]
[White "Crut, Aurelien"]
[Black "Bedouin, Xavier"]
[Result "1/2-1/2"]
[WhiteElo "2316"]
[BlackElo "2365"]
[PlyCount "178"]

1. e4 e5 2. Bc4 Nf6 3. d3 c6 4. Nf3 d5 5. Bb3 Bd6 6. exd5 cxd5 7. Bg5 Be6 8.
O-O Nc6 9. Nc3 Qa5 10. Qe1 d4 11. Ne2 Nd5 12. Bd2 Qb6 13. Ng5 O-O 14. Nxe6 fxe6
15. Ng3 Kh8 16. Ne4 Be7 17. Rb1 Qc7 18. Qe2 Na5 19. Bxa5 Qxa5 20. Qg4 Qb6 21.
g3 Qc6 22. Rbc1 Rad8 23. Rce1 Rf5 24. Bxd5 Qxd5 25. a3 Qb5 26. Rb1 Qa4 27. Qe2
Qe8 28. Rfe1 Qg6 29. Rbc1 Qh6 30. c3 Rh5 31. f3 Bg5 32. Nxg5 Qxg5 33. cxd4 h6
34. dxe5 Qg6 35. Rc3 Rh4 36. Rc4 Rhd4 37. Rxd4 Rxd4 38. Rd1 Qe8 39. Qe3 Qd7 40.
Kf2 Qd5 41. Ke2 b5 42. Rc1 b4 43. Rc8+ Kh7 44. Rc4 Rxc4 45. dxc4 Qa5 46. axb4
Qxb4 47. b3 a5 48. c5 g6 49. Kf2 a4 50. bxa4 Qxa4 51. Qc3 Qc6 52. g4 g5 53. Kg3
Kg7 54. h4 Qa6 55. h5 Qf1 56. Qe3 Kh8 57. Kh2 Qc4 58. Kg2 Qc2+ 59. Kh3 Qc4 60.
Qf2 Qc3 61. Kg2 Qc4 62. Qd2 Kg7 63. c6 Qxc6 64. Qd3 Qe8 65. Qe4 Qf7 66. Qc2 Kf8
67. Qc8+ Kg7 68. Qd8 Kh7 69. Kf2 Qa7+ 70. Ke2 Qa2+ 71. Ke3 Qa7+ 72. Qd4 Qf7 73.
Qe4+ Kh8 74. Ke2 Kg7 75. Kd3 Qd7+ 76. Qd4 Qf7 77. Ke2 Kh8 78. Ke3 Kg7 79. Qd3
Qa7+ 80. Kd2 Qf7 81. Qe4 Kh8 82. Kc3 Qc7+ 83. Kb3 Qb6+ 84. Qb4 Qe3+ 85. Qc3
Qb6+ 86. Kc2 Qf2+ 87. Kb1 Qf1+ 88. Kb2 Qe2+ 89. Qc2 Qb5+ 1/2-1/2

[Event "Championnat de France - Accession"]
[Site "Pau"]
[Date "2008.08.23"]
[Round "11.3"]
[White "Saucey, Michel"]
[Black "Bujisho, Benjamin"]
[Result "1/2-1/2"]
[WhiteElo "2348"]
[BlackElo "2402"]
[PlyCount "146"]

1. d4 Nf6 2. c4 g6 3. Nc3 Bg7 4. e4 d6 5. f4 O-O 6. Nf3 c5 7. dxc5 Qa5 8. Bd3
Qxc5 9. Qe2 Bg4 10. Be3 Qc8 11. O-O Nc6 12. Rac1 Nd7 13. Qf2 Bxf3 14. Qxf3 Nc5
15. Bb1 Ne6 16. Qf2 Qd8 17. f5 Nc5 18. Nd5 e6 19. f6 Bh8 20. Nc3 Ne5 21. Qh4
Ncd7 22. Bg5 h6 23. Bxh6 Bxf6 24. Qg3 Bg7 25. Bxg7 Kxg7 26. b3 a6 27. Rfd1 Qe7
28. Rd2 Rac8 29. Rcd1 Rc6 30. Ne2 b5 31. Nd4 Rb6 32. cxb5 axb5 33. h3 Rc8 34.
Qe3 b4 35. Rc2 Rxc2 36. Bxc2 Qd8 37. Bd3 Nc5 38. Bb1 Qh4 39. Ne2 Qh6 40. Qg3
Kg8 41. Nd4 Qh5 42. Rd2 Kg7 43. Ne2 Rc6 44. Nd4 Rc8 45. Bc2 Ncd7 46. Ne2 Qh6
47. Qf4 Qxf4 48. Nxf4 Kf6 49. Kf2 Ke7 50. Ne2 Rc5 51. Bb1 Nc6 52. Ke1 Nde5 53.
Kd1 Na7 54. Nd4 Nb5 55. Nxb5 Rxb5 56. Kc2 Kd7 57. Kb2 Ra5 58. Bc2 Kc6 59. Bd1
d5 60. exd5+ exd5 61. h4 f5 62. Rc2+ Kd6 63. Rc8 Ra7 64. Rd8+ Kc5 65. Bf3 Nxf3
66. gxf3 Rh7 67. a3 bxa3+ 68. Kxa3 Rxh4 69. b4+ Kc6 70. Ka4 Rf4 71. Rg8 Rxf3
72. Rxg6+ Kb7 73. Kb5 Rc3 1/2-1/2

[Event "Championnat de France - Accession"]
[Site "Pau"]
[Date "2008.08.23"]
[Round "11.4"]
[White "Debray, Christopher"]
[Black "Vernay, Clovis"]
[Result "1/2-1/2"]
[WhiteElo "2378"]
[BlackElo "2345"]
[PlyCount "38"]

1. d4 d5 2. c4 c6 3. Nf3 Nf6 4. Qc2 dxc4 5. Qxc4 Bf5 6. g3 e6 7. Bg2 Nbd7 8.
Nc3 Be7 9. O-O O-O 10. Re1 Ne4 11. Qb3 Qb6 12. Nh4 Bxh4 13. gxh4 Ndf6 14. f3
Qxd4+ 15. e3 Qe5 16. fxe4 Ng4 17. exf5 Qxh2+ 18. Kf1 Qg3 19. Re2 Nh2+ 1/2-1/2

[Event "Championnat de France - Accession"]
[Site "Pau"]
[Date "2008.08.23"]
[Round "11.5"]
[White "Moussard, Jules"]
[Black "Bailet, Pierre"]
[Result "1/2-1/2"]
[WhiteElo "2255"]
[BlackElo "2268"]
[PlyCount "53"]

1. e4 c5 2. Nf3 Nc6 3. d4 cxd4 4. Nxd4 Nf6 5. Nc3 e5 6. Ndb5 d6 7. Bg5 a6 8.
Na3 b5 9. Nd5 Be7 10. Bxf6 Bxf6 11. c3 O-O 12. Nc2 Rb8 13. g3 Bg5 14. Bg2 a5
15. b3 Ne7 16. O-O Nxd5 17. Qxd5 Be6 18. Qd3 Qc7 19. f4 Bh6 20. Ne3 Rfc8 21.
Rac1 a4 22. f5 Qc5 23. Rfe1 Bd7 24. Kh1 Bxe3 25. Rxe3 f6 26. Qd2 Be8 27. Rd3
1/2-1/2

[Event "Championnat de France - Accession"]
[Site "Pau"]
[Date "2008.08.23"]
[Round "11.6"]
[White "Massoni, Michael"]
[Black "Aguettaz, Maxime"]
[Result "0-1"]
[WhiteElo "2172"]
[BlackElo "2426"]
[PlyCount "38"]

1. e4 c5 2. Nc3 Nc6 3. Bb5 Nd4 4. Bc4 e6 5. Nf3 Nf6 6. e5 d5 7. exf6 dxc4 8.
fxg7 Bxg7 9. O-O Bd7 10. d3 Bc6 11. Ne4 O-O 12. Nxd4 Qxd4 13. Be3 Qxb2 14. Rb1
Qxa2 15. Bxc5 cxd3 16. cxd3 Rfd8 17. Qh5 Qd5 18. Qg4 Qxd3 19. Nf6+ Kh8 0-1

[Event "Championnat de France - Accession"]
[Site "Pau"]
[Date "2008.08.23"]
[Round "11.7"]
[White "Guilleux, Fabien"]
[Black "Li, Frederic"]
[Result "1/2-1/2"]
[WhiteElo "2397"]
[BlackElo "2186"]
[PlyCount "56"]

1. Nf3 g6 2. c4 Bg7 3. d4 d6 4. e4 Nf6 5. Nc3 O-O 6. Be2 e5 7. O-O Nc6 8. d5
Ne7 9. b4 a5 10. Ba3 b6 11. bxa5 Rxa5 12. Bb4 Ra8 13. a4 Ne8 14. Nb5 f5 15. a5
bxa5 16. Rxa5 Rxa5 17. Bxa5 fxe4 18. Ng5 e3 19. fxe3 Nf5 20. Ne4 Nxe3 21. Rxf8+
Bxf8 22. Qb3 Bh6 23. Nxc7 Nxc7 24. Qb6 Nf5 25. Qxc7 Be3+ 26. Kf1 Qf8 27. Qd8 h5
28. Qxf8+ Kxf8 1/2-1/2

[Event "Championnat de France - Accession"]
[Site "Pau"]
[Date "2008.08.23"]
[Round "11.8"]
[White "Lagarde, Maxime"]
[Black "Bissieres, Matthieu"]
[Result "0-1"]
[WhiteElo "2322"]
[BlackElo "2275"]
[PlyCount "110"]

1. e4 d6 2. d4 Nf6 3. Nc3 e5 4. Nge2 Nc6 5. h3 g6 6. d5 Ne7 7. g4 Bg7 8. Be3 c6
9. Qd2 cxd5 10. exd5 Qa5 11. Bg2 O-O 12. O-O Bd7 13. f4 exf4 14. Bxf4 Ne8 15.
Kh1 f5 16. g5 Rc8 17. Rae1 Rf7 18. a3 Qb6 19. b3 Qc5 20. Rf3 Qxa3 21. Qd3 Qb4
22. Bd2 Be5 23. Nf4 Qd4 24. Qe2 Ng7 25. Nd3 Rxc3 26. Bxc3 Qxc3 27. Nxe5 Qxe5
28. Re3 Qf4 29. Rxe7 Qxg5 30. Rxf7 Kxf7 31. Qc4 Qd2 32. Qe2 Qxe2 33. Rxe2 a5
34. Re3 b5 35. Rc3 a4 36. Rc7 Ke8 37. Bf1 axb3 38. cxb3 Kd8 39. Ra7 Nh5 40.
Ra8+ Ke7 41. Rh8 Nf6 42. Bg2 g5 43. Kg1 h5 44. Kf2 f4 45. Bf1 g4 46. h4 Be8 47.
Bd3 b4 48. Rh6 Bf7 49. Bg6 Bxd5 50. Bxh5 Bxb3 51. Rh8 Bd5 52. Bg6 g3+ 53. Kg1
f3 54. h5 f2+ 55. Kf1 Bc4+ 0-1

[Event "Championnat de France - Accession"]
[Site "Pau"]
[Date "2008.08.23"]
[Round "11.9"]
[White "Mancini, Mario"]
[Black "Camus De Solliers, Guillaume"]
[Result "0-1"]
[WhiteElo "2268"]
[BlackElo "2319"]
[PlyCount "139"]

1. d4 Nf6 2. c4 e6 3. Nc3 Bb4 4. e3 O-O 5. Bd3 d5 6. Nf3 c5 7. O-O dxc4 8. Bxc4
Nbd7 9. a3 cxd4 10. axb4 dxc3 11. bxc3 Qc7 12. Qb3 Nb6 13. Be2 e5 14. Ra5 Be6
15. Qc2 Nbd7 16. c4 b6 17. Ra1 a5 18. bxa5 bxa5 19. Ba3 Rfc8 20. Rfc1 Nc5 21.
Rab1 a4 22. Rd1 h6 23. Rb5 Nfd7 24. h3 Nb3 25. Nd2 Rab8 26. Rxb8 Rxb8 27. Ne4
Qa5 28. Nd6 Ndc5 29. Nb5 Rd8 30. Rxd8+ Qxd8 31. Bb4 Qd7 32. Nc3 Bf5 33. Qb2 Bd3
34. Bxc5 Bxe2 35. Nxe2 Qd1+ 36. Kh2 Nxc5 37. Qb8+ Kh7 38. Qxe5 Qxe2 39. Qxc5
Qxf2 40. Qa7 Qc2 41. c5 Qc4 42. Qa8 Qxc5 43. Qxa4 Qxe3 44. Qd7 Qf4+ 45. Kg1 f5
46. Qf7 Qe3+ 47. Kf1 Qg5 48. h4 Qg6 49. Qf8 Qh5 50. Kg1 Qg4 51. Qf7 h5 52. Kf1
Qg6 53. Qf8 Qe6 54. Kf2 Qa2+ 55. Kf1 Qb1+ 56. Kf2 Qc2+ 57. Kf1 Qd1+ 58. Kf2
Qd4+ 59. Kf1 Qe4 60. Qf7 Kh6 61. Qf8 Qxh4 62. Qxf5 Qf6 63. Qxf6+ gxf6 64. Kf2
h4 65. Ke3 Kg5 66. Kf3 Kf5 67. Ke3 Kg4 68. Kf2 Kf4 69. Kf1 Kg3 70. Kg1 0-1

[Event "Championnat de France - Accession"]
[Site "Pau"]
[Date "2008.08.23"]
[Round "11.10"]
[White "Demuth, Adrien"]
[Black "Le Goff, Damien"]
[Result "1/2-1/2"]
[WhiteElo "2315"]
[BlackElo "2261"]
[PlyCount "31"]

1. d4 Nf6 2. c4 e6 3. Nf3 b6 4. a3 Bb7 5. Nc3 d5 6. cxd5 Nxd5 7. Qc2 Nd7 8. e4
Nxc3 9. bxc3 c5 10. Bd3 Rc8 11. Qe2 Be7 12. O-O O-O 13. Bb2 Qc7 14. Rad1 Rfd8
15. Nd2 e5 16. f4 1/2-1/2

[Event "Championnat de France - Accession"]
[Site "Pau"]
[Date "2008.08.23"]
[Round "11.11"]
[White "Van Elst, Andreas"]
[Black "Shirazi, Kamran"]
[Result "1/2-1/2"]
[WhiteElo "2336"]
[BlackElo "2440"]
[PlyCount "55"]

1. d4 d5 2. c4 e6 3. Nc3 Be7 4. Nf3 Nf6 5. Bf4 O-O 6. e3 Nh5 7. Bg3 dxc4 8.
Bxc4 c5 9. d5 Nxg3 10. hxg3 exd5 11. Nxd5 Bf5 12. Qb3 Nd7 13. Qxb7 Bf6 14. O-O
Nb6 15. Nxf6+ Qxf6 16. b3 Nxc4 17. bxc4 Bd3 18. Rfc1 Bxc4 19. Nd2 Bd3 20. Qd5
Bc2 21. Qxc5 Rfc8 22. Qd4 Qa6 23. Nb3 Qa3 24. Qd2 Bxb3 25. axb3 Rxc1+ 26. Qxc1
Qxb3 27. Rxa7 Rb8 28. Rc7 1/2-1/2

[Event "Championnat de France - Accession"]
[Site "Pau"]
[Date "2008.08.23"]
[Round "11.12"]
[White "Payen, Arnaud"]
[Black "Fougerit, Valentin"]
[Result "1/2-1/2"]
[WhiteElo "2372"]
[BlackElo "2203"]
[PlyCount "80"]

1. d4 Nf6 2. Nf3 e6 3. e3 b6 4. Bd3 Bb7 5. O-O c5 6. c4 Be7 7. Nc3 O-O 8. d5
exd5 9. cxd5 d6 10. e4 a6 11. a4 Nbd7 12. h3 Re8 13. Nd2 Ne5 14. Be2 Ng6 15. f4
Bc8 16. g4 h6 17. Nf3 Nh7 18. Bd3 Bf6 19. Qc2 Nhf8 20. Bd2 Bd7 21. Rae1 Qb8 22.
b3 Ra7 23. Ne2 b5 24. Ng3 Nh4 25. Be3 bxa4 26. bxa4 Rb7 27. Nh5 Nxf3+ 28. Rxf3
Bd4 29. Bxd4 cxd4 30. Qf2 Bxa4 31. Nxg7 Kxg7 32. Qxd4+ Kg8 33. Qxa4 Ng6 34. Rf2
Rc8 35. Qd4 Rb4 36. Qf6 Rb3 37. Bf1 Qb6 38. Ree2 Rf3 39. Qb2 Qa7 40. Kh2 Rxf4
1/2-1/2

[Event "Championnat de France - Accession"]
[Site "Pau"]
[Date "2008.08.23"]
[Round "11.13"]
[White "Bleunven, Andre"]
[Black "Vallet, Marc"]
[Result "1-0"]
[WhiteElo "2261"]
[BlackElo "2200"]
[PlyCount "33"]

1. d4 Nf6 2. c4 e5 3. dxe5 Ne4 4. a3 b6 5. Nf3 Bb7 6. Nbd2 Nc5 7. Nb3 Ne4 8.
Nbd4 g5 9. g4 h5 10. Rg1 d6 11. Qa4+ Nd7 12. e6 fxe6 13. Nxe6 Qe7 14. Nxc7+ Kd8
15. Nd5 Bxd5 16. cxd5 Ndc5 17. Qd1 1-0

[Event "Championnat de France - Accession"]
[Site "Pau"]
[Date "2008.08.23"]
[Round "11.16"]
[White "Manouck, Thierry"]
[Black "Lorans, Sylvain"]
[Result "1-0"]
[WhiteElo "2358"]
[BlackElo "2209"]
[PlyCount "55"]

1. c4 e5 2. g3 Nf6 3. Bg2 c6 4. d4 Bb4+ 5. Bd2 Bxd2+ 6. Qxd2 d6 7. Nc3 Qe7 8.
e3 O-O 9. Nge2 Re8 10. h3 a5 11. g4 Nbd7 12. O-O Nf8 13. f4 exf4 14. exf4 Bxg4
15. hxg4 Nxg4 16. f5 Ne3 17. Rf3 Nxc4 18. Qd3 Nxb2 19. Qc2 Nc4 20. f6 Qc7 21.
fxg7 Ng6 22. Kf2 d5 23. Rh1 Re6 24. Qf5 Kxg7 25. Nf4 Nxf4 26. Rxh7+ Kg8 27.
Rxf4 Ne3 28. Qg5+ 1-0